00741nam a2200181 a 450000100100000000500170001000800410002704000250006808200150009310000260010824500720013426000470020630000280025370000330028195201140031495201140042899900170054200003650820200930075753.0120119s19uu be a 000 0 fre d aDO-SdBNPbspacBNPHU axxxbH372c1 aHaulot, Arthur96275213aAux couleurs de Belgique /cArthur Haulot ; préface Marcel Thiry. aBruxelles :bEditions Est-Ouest,c[s. f.]. a123 p. :bil. ;c28 cm.1 aThiry, Marcel,epref.962753 0010507-18MOaGRbGRcOId2012-01-19iLF1l0oxxx H372cp36509-10r2020-06-25w2020-06-25y1ZNo se presta 0010507-18MOaGRbGRcOId2012-01-19iLF1l0oxxx H372cp36510-10r2020-06-25w2020-06-25y1ZNo se presta c35999d35999